[Event "89154 VIII. Rakosmente Open"]
[Site "Budapest, Hungary"]
[Date "2013.11.30"]
[Round "3.4"]
[White "Cserveni, Laszlo"]
[Black "Bolyai, Istvan"]
[Result "1-0"]
[WhiteElo "1623"]
[BlackElo "1977"]
[PlyCount "91"]

1. d4 d5 2. c4 c6 3. Nc3 Nf6 4. e3 e6 5. Bd2 Nbd7 6. c5 b6 7. b4 a5 8. a3 Be7
9. Bd3 O-O 10. f4 Ba6 11. Bc2 Ne8 12. Nf3 Bh4+ 13. g3 Be7 14. h4 f5 15. Ng5 Rf6
16. Kf2 Nf8 17. Na4 bxc5 18. bxc5 Bb7 19. Nb6 Ra7 20. a4 Nd7 21. Rb1 Nxb6 22.
Rxb6 Qa8 23. Qh5 h6 24. Nf3 Rf8 25. Ne5 Bf6 26. Rhb1 Bxe5 27. dxe5 Kh7 28. Bc3
g6 29. Qf3 Rf7 30. Bd4 Nc7 31. g4 Na6 32. gxf5 Nb4 33. R6xb4 gxf5 34. Rb6 Rg7
35. Rg1 Ba6 36. Rbb1 Qd8 37. Qh3 Qe8 38. h5 Qc8 39. Rxg7+ Rxg7 40. Rg1 Rxg1 41.
Kxg1 Qb7 42. Qg2 Qb4 43. Qg6+ Kh8 44. Qxh6+ Kg8 45. Qxe6+ Kh8 46. Qe8+ 1-0

[Event "89154 VIII. Rakosmente Open"]
[Site "Budapest, Hungary"]
[Date "2013.11.30"]
[Round "3.5"]
[White "Sulcz, Istvan"]
[Black "Czimer, Jozsef"]
[Result "1-0"]
[WhiteElo "1912"]
[BlackElo "1720"]
[PlyCount "61"]

1. d4 Nf6 2. Nf3 g6 3. c4 c5 4. Nc3 cxd4 5. Nxd4 Nc6 6. e4 d6 7. Be2 Bg7 8. Be3
O-O 9. O-O Bd7 10. Qd2 Ng4 11. Bxg4 Bxg4 12. f4 Bd7 13. Nxc6 bxc6 14. Bd4 Bxd4+
15. Qxd4 Qb6 16. Rad1 Rfb8 17. b3 Qxd4+ 18. Rxd4 c5 19. Rd2 Bc6 20. Re1 Kf8 21.
e5 Rd8 22. Red1 Ke8 23. exd6 e6 24. Re1 f6 25. Rxe6+ Kf8 26. Rxf6+ Kg7 27. Re6
Rd7 28. Re7+ Kf8 29. Rxd7 Bxd7 30. Rd5 Rc8 31. Ne4 1-0

[Event "89154 VIII. Rakosmente Open"]
[Site "Budapest, Hungary"]
[Date "2013.11.30"]
[Round "3.6"]
[White "Suranyi, Pal"]
[Black "Szoukup, Istvan"]
[Result "1-0"]
[WhiteElo "2118"]
[BlackElo "1833"]
[PlyCount "41"]

1. d4 Nf6 2. Nf3 g6 3. g3 d5 4. c4 Bg7 5. cxd5 Nxd5 6. Bg2 O-O 7. e4 Nb6 8. h3
Nc6 9. d5 Nb4 10. a3 Na6 11. O-O e6 12. Nc3 Bxc3 13. bxc3 exd5 14. e5 c6 15.
Bg5 Qc7 16. Qd4 Nc4 17. Bf6 h5 18. g4 hxg4 19. Qf4 Nc5 20. Qh6 Ne6 21. Qh8# 1-0

[Event "89154 VIII. Rakosmente Open"]
[Site "Budapest, Hungary"]
[Date "2013.11.30"]
[Round "3.8"]
[White "Filep, Gyorgy Dr"]
[Black "Pentek, Aladar"]
[Result "0-1"]
[WhiteElo "1532"]
[BlackElo "2013"]
[PlyCount "84"]

1. e4 c5 2. Nf3 Nc6 3. Nc3 e6 4. d4 cxd4 5. Nxd4 a6 6. Nxc6 bxc6 7. e5 Qc7 8.
f4 Ne7 9. Bc4 Bb7 10. O-O Nd5 11. Nxd5 cxd5 12. Bb3 Bc5+ 13. Kh1 Qc6 14. Qf3
Qb6 15. Qg3 O-O-O 16. c3 g6 17. Re1 h5 18. h4 Bf2 19. Be3 Bxg3 20. Bxb6 Rde8
21. Re2 Bxh4 22. Kh2 Be7 23. a4 g5 24. Be3 g4 25. Rc1 Rhg8 26. c4 dxc4 27. Bxc4
Kb8 28. Rd2 Bb4 29. Rxd7 Re7 30. Rcd1 Rge8 31. Rxe7 Bxe7 32. Bb6 Bc8 33. a5 f6
34. Re1 fxe5 35. fxe5 Bb4 36. Rd1 Rf8 37. Rd8 Rxd8 38. Bxd8 Be1 39. g3 Kb7 40.
Kg2 Kc6 41. Kf1 Bxg3 42. Bb6 Bxe5 0-1

[Event "89154 VIII. Rakosmente Open"]
[Site "Budapest, Hungary"]
[Date "2013.11.30"]
[Round "3.9"]
[White "Xiao Hu, Chen"]
[Black "Terbe, Zsuzsanna"]
[Result "0-1"]
[WhiteElo "1424"]
[BlackElo "1985"]
[PlyCount "34"]

1. e4 c5 2. Nf3 Nc6 3. d4 cxd4 4. Nxd4 Nf6 5. Nc3 e5 6. Nxc6 bxc6 7. Bg5 Bb4 8.
Qf3 Be7 9. Bc4 O-O 10. O-O h6 11. Be3 Qc7 12. Rad1 d6 13. Qe2 Be6 14. Bb3 Rfd8
15. f4 Bg4 16. Qf2 Bxd1 17. Rxd1 Ng4 0-1

[Event "89154 VIII. Rakosmente Open"]
[Site "Budapest, Hungary"]
[Date "2013.11.30"]
[Round "3.10"]
[White "Ladanyi, Gyula"]
[Black "Bodrogi, Laszlo"]
[Result "0-1"]
[WhiteElo "1855"]
[BlackElo "2014"]
[PlyCount "40"]

1. d4 e6 2. e4 d5 3. exd5 exd5 4. Be2 Bd6 5. Nf3 Ne7 6. O-O Nbc6 7. b3 O-O 8.
Bb2 Ng6 9. g3 Bh3 10. Re1 Qd7 11. c4 Bb4 12. Nc3 dxc4 13. bxc4 Rfe8 14. d5 Nce5
15. Ng5 Bg4 16. Bxg4 Nxg4 17. Qd4 c5 18. Qd2 Qf5 19. f3 N4e5 20. Re4 Qxg5 0-1

[Event "89154 VIII. Rakosmente Open"]
[Site "Budapest, Hungary"]
[Date "2013.11.30"]
[Round "3.12"]
[White "Szonyi, Bence"]
[Black "Karacsonyi, Kata"]
[Result "1-0"]
[WhiteElo "1660"]
[BlackElo "1300"]
[PlyCount "121"]

1. e4 e5 2. Nf3 Nc6 3. d4 exd4 4. Nxd4 Nf6 5. Nc3 Bb4 6. Nxc6 bxc6 7. Bd3 d5 8.
exd5 cxd5 9. O-O O-O 10. Bg5 c6 11. Ne2 Bg4 12. c3 Bc5 13. Qc2 h6 14. Bh4 Re8
15. Nd4 Bxd4 16. cxd4 Rb8 17. b3 Qd6 18. Rac1 Rbc8 19. h3 Bh5 20. Ba6 Bg6 21.
Qc5 Qxc5 22. Rxc5 Ne4 23. Rcc1 Rc7 24. f3 Ng5 25. Bg3 Rce7 26. Rxc6 Re6 27.
Rfc1 Rxc6 28. Rxc6 Ne6 29. Bf2 Nf4 30. Rc8 Rxc8 31. Bxc8 Kf8 32. Ba6 Ke7 33.
Bg3 Ne6 34. Bb8 Nxd4 35. Bxa7 Nc6 36. Bc5+ Kf6 37. b4 Ke5 38. b5 Nb8 39. Ba7
Nxa6 40. bxa6 Kd6 41. Bd4 Kc7 42. Bxg7 h5 43. Bd4 Bd3 44. a7 Kb7 45. Kf2 Bc4
46. Kg3 Bd3 47. Kf4 f6 48. Bxf6 Kxa7 49. g3 Kb7 50. Kg5 Kc7 51. Kxh5 Kd7 52.
Kg5 Ke6 53. f4 Kf7 54. f5 Bc2 55. h4 Bd3 56. h5 Be2 57. h6 Kg8 58. Kg6 Bh5+ 59.
Kxh5 Kh7 60. g4 d4 61. Bxd4 1-0

[Event "89154 VIII. Rakosmente Open"]
[Site "Budapest, Hungary"]
[Date "2013.11.30"]
[Round "3.14"]
[White "Lukacs, Laszlo"]
[Black "Karacsonyi, Gellert"]
[Result "1/2-1/2"]
[WhiteElo "1731"]
[BlackElo "1782"]
[PlyCount "132"]

1. e4 c5 2. Nf3 e6 3. d4 cxd4 4. Nxd4 Nf6 5. Bd3 Nc6 6. Nxc6 dxc6 7. Qe2 Bc5 8.
O-O e5 9. Kh1 Bd7 10. h3 h5 11. f4 Ng4 12. f5 Qh4 13. Qf3 Nf2+ 14. Kh2 Ng4+ 15.
Kh1 O-O-O 16. Bd2 g5 17. Be1 Qxe1 18. Rxe1 Nf2+ 19. Kh2 g4 20. Qg3 h4 21. Qxg4
Nxg4+ 22. hxg4 Bf2 23. Rf1 Be3 24. Nc3 Bf4+ 25. Kh3 f6 26. Ne2 Be3 27. Rf3 Bb6
28. Nc3 Rhg8 29. Be2 Rg5 30. Rd3 Bd4 31. Rf1 Rh8 32. Bf3 Be8 33. Nd1 Bf7 34. b3
Kc7 35. c3 Bb6 36. Ne3 Bxe3 37. Rxe3 a5 38. c4 a4 39. Rd1 axb3 40. axb3 Rgg8
41. Red3 Be8 42. Rd6 Rf8 43. c5 Rh7 44. Ra1 Bd7 45. b4 Rhh8 46. Be2 Rh7 47. Ra3
Rhh8 48. Kh2 Rh7 49. Rh3 Rhh8 50. g3 Ra8 51. gxh4 Ra2 52. Re3 Rxh4+ 53. Kg3 Rh1
54. Rd1 Rxe2 55. Rxd7+ Kxd7 56. Rxe2 Rb1 57. g5 fxg5 58. Kg4 Rg1+ 59. Kh5 g4
60. Kh4 Ke7 61. Kg5 g3 62. Kg4 Kf6 63. Kf3 Rb1 64. Kxg3 Rxb4 65. Kf3 Rc4 66.
Rb2 Rxc5 1/2-1/2

[Event "89154 VIII. Rakosmente Open"]
[Site "Budapest, Hungary"]
[Date "2013.11.30"]
[Round "4.1"]
[White "Cserveni, Laszlo"]
[Black "Terbe, Julianna"]
[Result "0-1"]
[WhiteElo "1623"]
[BlackElo "1995"]
[PlyCount "118"]

1. d4 Nf6 2. Nf3 g6 3. c4 Bg7 4. Nc3 O-O 5. g3 d6 6. Bg2 Nc6 7. O-O a6 8. e4
Rb8 9. Be3 e5 10. d5 Ne7 11. Qc2 h6 12. Rad1 Ng4 13. Bc1 f5 14. Ne1 fxe4 15.
Bxe4 Bf5 16. Ng2 Nf6 17. Bxf5 gxf5 18. f4 e4 19. Ne3 Nd7 20. Ne2 Nc5 21. Bd2 c6
22. Bc3 Nd3 23. Bxg7 Kxg7 24. Nd4 Qb6 25. Ne6+ Kg8 26. Rxd3 exd3 27. Qxd3 Rf7
28. Kg2 cxd5 29. cxd5 Qxb2+ 30. Rf2 Qb5 31. Qd4 Rc8 32. Rb2 Qd7 33. g4 b5 34.
Kf3 fxg4+ 35. Nxg4 Nf5 36. Nf6+ Kh8 37. Nxd7+ Nxd4+ 38. Nxd4 Rxd7 39. Ne6 Rc3+
40. Ke4 Rf7 41. Rg2 Kh7 42. Kd4 Rc4+ 43. Ke3 a5 44. Rb2 b4 45. Kd3 Rc1 46. Kd4
Kg6 47. Re2 a4 48. Ke4 b3 49. axb3 axb3 50. Rb2 Rb7 51. Nd4 Rc3 52. h4 Rb4 53.
Rg2+ Kf7 54. Rb2 h5 55. Kf5 Rxd4 56. Rb1 Rc5 57. Kg5 Rcxd5+ 58. f5 Rb4 59. Kxh5
Rxf5+ 0-1

[Event "89154 VIII. Rakosmente Open"]
[Site "Budapest, Hungary"]
[Date "2013.11.30"]
[Round "4.2"]
[White "Toth-Katona, Tamas"]
[Black "Kovacs, Marton"]
[Result "0-1"]
[WhiteElo "1895"]
[BlackElo "2139"]
[PlyCount "54"]

1. e4 e5 2. Nc3 Nf6 3. f4 d5 4. fxe5 Nxe4 5. Nf3 Bg4 6. d3 Nc5 7. Be2 Be7 8.
O-O O-O 9. Be3 Bxf3 10. Bxf3 d4 11. Bf2 dxc3 12. b4 Ne6 13. Bxb7 Nd7 14. Bxa8
Qxa8 15. d4 Qd5 16. Qf3 Qxf3 17. gxf3 Nb6 18. a3 Nd5 19. Rfe1 Bg5 20. h4 Bd2
21. Re4 h5 22. Be1 Be3+ 23. Bf2 Bd2 24. Be1 f5 25. exf6 Rxf6 26. Re5 Nxd4 27.
Bxd2 Nxf3+ 0-1

[Event "89154 VIII. Rakosmente Open"]
[Site "Budapest, Hungary"]
[Date "2013.11.30"]
[Round "4.3"]
[White "Mezei, Csaba"]
[Black "Yip, Michael"]
[Result "1/2-1/2"]
[WhiteElo "2135"]
[BlackElo "2001"]
[PlyCount "121"]

1. d4 d6 2. e4 Nf6 3. Bd3 e5 4. d5 Be7 5. c4 c6 6. Nc3 O-O 7. h3 Ne8 8. a3 f5
9. Nge2 f4 10. f3 Bh4+ 11. Kd2 Nf6 12. b4 a5 13. b5 cxd5 14. exd5 Nbd7 15. Na4
Qe7 16. Nec3 Bf2 17. Qe2 Bd4 18. Kc2 Re8 19. Re1 Qd8 20. Rb1 Nc5 21. Nxc5 Bxc5
22. Na4 Bd4 23. Bb2 Bxb2 24. Rxb2 Bd7 25. Qf2 Rc8 26. Kb1 Qc7 27. Ka2 Re7 28.
Qb6 Be8 29. Kb3 Bf7 30. Rc2 Nd7 31. Qxc7 Rxc7 32. b6 Rc8 33. Kb2 Be8 34. Bf5 g6
35. Bg4 Rd8 36. Be6+ Kg7 37. Rec1 Nf8 38. Nc3 Nxe6 39. dxe6 Rxe6 40. Rd2 Bc6
41. Rcd1 Kf7 42. Nd5 Ba4 43. Re1 Rc8 44. Nc7 Rf6 45. Rd5 Bd7 46. Rxa5 g5 47.
Rd5 h5 48. c5 Bc6 49. Rxd6 Rxd6 50. cxd6 Kf6 51. Kc3 Rd8 52. Rd1 g4 53. hxg4
hxg4 54. Rd3 e4 55. fxe4 Bxe4 56. Rd2 Ke5 57. Nb5 f3 58. gxf3 gxf3 59. d7 Bc6
60. Nd4 Bxd7 61. Nxf3+ 1/2-1/2

[Event "89154 VIII. Rakosmente Open"]
[Site "Budapest, Hungary"]
[Date "2013.11.30"]
[Round "4.4"]
[White "Szoukup, Helga"]
[Black "Pentek, Aladar"]
[Result "1-0"]
[WhiteElo "1864"]
[BlackElo "2013"]
[PlyCount "49"]

1. e4 c5 2. Nf3 Nc6 3. d4 cxd4 4. Nxd4 Nf6 5. Nc3 e5 6. Nxc6 bxc6 7. Bc4 Be7 8.
O-O d6 9. Qf3 Be6 10. Bxe6 fxe6 11. Bg5 h6 12. Bxf6 Bxf6 13. Qh5+ Ke7 14. f4
Qe8 15. Qh3 exf4 16. Rxf4 Be5 17. Rf3 Rf8 18. Raf1 Rxf3 19. Qxf3 Qg8 20. Qd3
Rf8 21. Rf3 Rxf3 22. gxf3 Qf7 23. Nd1 Qf4 24. Qe2 Bxb2 25. Nxb2 1-0

[Event "89154 VIII. Rakosmente Open"]
[Site "Budapest, Hungary"]
[Date "2013.11.30"]
[Round "4.5"]
[White "Terbe, Zsuzsanna"]
[Black "Suranyi, Pal"]
[Result "1-0"]
[WhiteElo "1985"]
[BlackElo "2118"]
[PlyCount "87"]

1. e4 c5 2. Nf3 d6 3. c3 Nf6 4. Bd3 e5 5. Bc2 Be7 6. h3 O-O 7. O-O Nbd7 8. d4
b6 9. Qe2 Bb7 10. Rd1 Qc7 11. Na3 a6 12. Bg5 Rfe8 13. dxe5 Nxe5 14. Nxe5 dxe5
15. f3 Nh5 16. Bxe7 Nf4 17. Qf2 Qxe7 18. Nc4 Qg5 19. Kh2 Re6 20. Rd6 b5 21.
Rxe6 Nxe6 22. Nd6 Bc6 23. Nf5 g6 24. h4 Qf6 25. Nh6+ Kh8 26. Ng4 Qg7 27. Rd1 b4
28. Bb3 h5 29. Bxe6 hxg4 30. Bxg4 Qf8 31. cxb4 cxb4 32. Qc2 Bb5 33. Rd5 Re8 34.
b3 Qh6 35. Qf2 Kh7 36. Kh3 Qc1 37. Kh2 Rc8 38. Bxc8 Qxc8 39. Rxe5 Qb8 40. Qg3
Kg7 41. Rd5 Qc8 42. h5 Qc1 43. Qe5+ Kh6 44. Qh8# 1-0

[Event "89154 VIII. Rakosmente Open"]
[Site "Budapest, Hungary"]
[Date "2013.11.30"]
[Round "4.6"]
[White "Bodrogi, Laszlo"]
[Black "Sulcz, Istvan"]
[Result "1-0"]
[WhiteElo "2014"]
[BlackElo "1912"]
[PlyCount "117"]

1. d4 Nf6 2. c4 g6 3. Nc3 d5 4. Nf3 Bg7 5. Qb3 dxc4 6. Qxc4 O-O 7. e4 a6 8. Qb3
c5 9. dxc5 Nfd7 10. Be3 Qa5 11. Be2 Nxc5 12. Bxc5 Qxc5 13. O-O Bxc3 14. Rac1
Nc6 15. Rxc3 Qa7 16. Rd1 Bg4 17. Qa3 e5 18. Bc4 Nd4 19. Qe7 Bxf3 20. gxf3 b5
21. Qxe5 Nxf3+ 22. Rxf3 bxc4 23. Qf6 Rae8 24. Rd6 Rxe4 25. Rxa6 Re1+ 26. Kg2
Qd7 27. Rd6 Qg4+ 28. Rg3 Qe4+ 29. Kh3 Qc2 30. Rf3 Qe2 31. Qf4 Rg1 32. Rg3 Qh5+
33. Qh4 Qf5+ 34. Qg4 Qxg4+ 35. Kxg4 Rb1 36. Rd2 Rb8 37. Rc3 R1xb2 38. Rdc2 R8b4
39. Kg5 Rxc2 40. Rxc2 Kg7 41. a3 Ra4 42. Rc3 h6+ 43. Kf4 Kf6 44. Ke3 Ke5 45.
Kd2 Kd4 46. Kc2 Ra5 47. Rh3 h5 48. Rf3 Ra7 49. Rg3 Re7 50. Re3 Ra7 51. h4 Ra6
52. Rf3 f5 53. Rf4+ Kc5 54. Rf3 Re6 55. Re3 Ra6 56. Kb2 Kd4 57. Rc3 Rb6+ 58.
Kc2 Re6 59. f4 1-0

[Event "89154 VIII. Rakosmente Open"]
[Site "Budapest, Hungary"]
[Date "2013.11.30"]
[Round "4.7"]
[White "Abraham, Lajos"]
[Black "Szonyi, Bence"]
[Result "0-1"]
[WhiteElo "1806"]
[BlackElo "1660"]
[PlyCount "48"]

1. Nf3 Nf6 2. c4 d5 3. cxd5 Nxd5 4. e4 Nb6 5. a4 Bg4 6. Nc3 e6 7. a5 N6d7 8.
Be2 Bb4 9. Qa4 Nc6 10. a6 Nc5 11. Qb5 Qd7 12. axb7 Rb8 13. Qc4 Rxb7 14. Nb5
Bxf3 15. gxf3 Ne5 16. Qd4 Ned3+ 17. Kf1 Rxb5 18. Qxg7 Rf8 19. Rxa7 Ra5 20. Rxa5
Bxa5 21. Kg2 Nf4+ 22. Kf1 Nxe2 23. Kxe2 Qd3+ 24. Kd1 Qxf3+ 0-1

[Event "89154 VIII. Rakosmente Open"]
[Site "Budapest, Hungary"]
[Date "2013.11.30"]
[Round "4.8"]
[White "Marta, Dominik"]
[Black "Ladanyi, Gyula"]
[Result "1-0"]
[WhiteElo "1938"]
[BlackElo "1855"]
[PlyCount "103"]

1. d4 d5 2. Nf3 Nf6 3. e3 e6 4. Bd3 c5 5. b3 Nc6 6. a3 a6 7. Bb2 cxd4 8. exd4
Bd6 9. Nbd2 O-O 10. O-O b5 11. c4 dxc4 12. bxc4 bxc4 13. Nxc4 Be7 14. Rc1 Bb7
15. Qc2 g6 16. Rfd1 Rc8 17. Qb3 Rb8 18. Qc2 Nd5 19. Nfe5 Nxe5 20. dxe5 Bg5 21.
Rb1 Qc7 22. Be4 Rfc8 23. Rd4 Ba8 24. Rbd1 Be7 25. Rc1 Bg5 26. Rf1 Be7 27. h4
Bc5 28. Rdd1 Ba7 29. Rc1 Qe7 30. g3 Nb6 31. Qe2 Bxe4 32. Nxb6 Rxc1 33. Bxc1 Bc6
34. Nc4 Bb5 35. a4 Bxa4 36. Bg5 Qf8 37. Qd2 Bc5 38. Rc1 Be7 39. Nd6 Bxg5 40.
Qxg5 h6 41. Qf6 Qg7 42. Qf4 Bb5 43. Rc7 Rf8 44. Ne4 Kh8 45. g4 Bd3 46. Nc5 Bb5
47. Ne4 Bd3 48. Nf6 Rd8 49. g5 h5 50. Ne8 Rxe8 51. Rxf7 Qg8 52. Qf6+ 1-0

[Event "89154 VIII. Rakosmente Open"]
[Site "Budapest, Hungary"]
[Date "2013.11.30"]
[Round "4.9"]
[White "Uzonyi, Peter"]
[Black "Xiao Hu, Chen"]
[Result "0-1"]
[WhiteElo "1237"]
[BlackElo "1424"]
[PlyCount "82"]

1. e4 e6 2. d4 d5 3. e5 c5 4. c3 Nc6 5. Nf3 Qb6 6. Be2 Nge7 7. O-O Nf5 8. Re1
cxd4 9. cxd4 Nfxd4 10. Nxd4 Qxd4 11. Bb5 Qxd1 12. Rxd1 Bd7 13. Bxc6 Bxc6 14.
Nc3 Bc5 15. Be3 Bxe3 16. fxe3 O-O 17. Rac1 Rac8 18. Rd2 g6 19. b3 Rfd8 20. Rdc2
a6 21. a4 d4 22. exd4 Rxd4 23. Nb5 axb5 24. axb5 Rb4 25. bxc6 bxc6 26. Rb2 c5
27. Rc4 Rb5 28. b4 Rcb8 29. Rxc5 Rxc5 30. Rd2 Rxe5 31. h3 Rxb4 32. Rd8+ Kg7 33.
Kh2 Re2 34. Rd3 Rbb2 35. Rg3 f5 36. Rg5 h6 37. Rg3 e5 38. h4 f4 39. Rg4 f3 40.
Kh3 f2 41. h5 g5 0-1

[Event "89154 VIII. Rakosmente Open"]
[Site "Budapest, Hungary"]
[Date "2013.11.30"]
[Round "4.12"]
[White "Karacsonyi, Kata"]
[Black "Filep, Gyorgy Dr"]
[Result "1-0"]
[WhiteElo "1300"]
[BlackElo "1532"]
[PlyCount "79"]

1. e4 c6 2. d4 d5 3. exd5 cxd5 4. Bd3 Nc6 5. c3 e5 6. dxe5 Nxe5 7. Ne2 Bc5 8.
Bf4 Nxd3+ 9. Qxd3 Nf6 10. Qb5+ Nd7 11. O-O O-O 12. Rd1 Qb6 13. Qxb6 Nxb6 14. b4
Be7 15. Bc7 Be6 16. Nf4 Bg5 17. Nxe6 fxe6 18. Nd2 Bxd2 19. Rxd2 Nc4 20. Re2 Kf7
21. Rd1 Rac8 22. Bg3 Nb6 23. Rd3 Rc4 24. Rf3+ Ke7 25. Bd6+ Kxd6 26. Rxf8 Rxc3
27. h3 Ke7 28. Rb8 d4 29. Rxb7+ Kf6 30. Rxa7 d3 31. Rd2 Nc4 32. Rd1 d2 33. Rd7
Rc2 34. Kh2 Rxa2 35. Rd4 Rc2 36. b5 e5 37. Rd8 Ke7 38. Rd3 Rc1 39. R3xd2 Nxd2
40. Rxc1 1-0

[Event "89154 VIII. Rakosmente Open"]
[Site "Budapest, Hungary"]
[Date "2013.11.30"]
[Round "4.14"]
[White "Kovacs, Gabor Etele"]
[Black "Lukacs, Laszlo"]
[Result "1-0"]
[WhiteElo "1631"]
[BlackElo "1731"]
[PlyCount "97"]

1. e4 c5 2. c3 d5 3. exd5 Qxd5 4. d4 e5 5. dxe5 Qxe5+ 6. Be2 Nc6 7. Nf3 Qc7 8.
O-O Be7 9. Na3 a6 10. g3 Be6 11. Bf4 Qd8 12. Nc4 Bxc4 13. Bxc4 Qxd1 14. Raxd1
Nf6 15. Rfe1 O-O 16. Re2 b5 17. Bd3 c4 18. Bc2 Rad8 19. Rde1 Nd5 20. Bc1 Bf6
21. Ng5 h6 22. Nh7 Ne5 23. Rxe5 Bxe5 24. Nxf8 Bd6 25. Rd1 Bc7 26. Be4 Nf6 27.
Rxd8 Bxd8 28. Bb7 a5 29. Bc6 Kxf8 30. Bxb5 Ng4 31. Bxc4 Bb6 32. b4 Bxf2+ 33.
Kf1 Bb6 34. Ba3 Ke8 35. Bb5+ Kd8 36. Ke2 Nxh2 37. bxa5 Bxa5 38. Bb4 Bc7 39. Bf8
Be5 40. c4 h5 41. a4 g5 42. a5 Kc7 43. a6 Kb8 44. Bc5 h4 45. a7+ Kb7 46. Bc6+
Kxc6 47. a8=Q+ Kxc5 48. Qd5+ Kb4 49. Qxe5 1-0

[Event "89154 VIII. Rakosmente Open"]
[Site "Budapest, Hungary"]
[Date "2013.12.01"]
[Round "5.1"]
[White "Kovacs, Marton"]
[Black "Fodor, Balazs"]
[Result "0-1"]
[WhiteElo "2139"]
[BlackElo "1882"]
[PlyCount "76"]

1. d4 d5 2. c4 c6 3. Nc3 Nf6 4. Nf3 e6 5. e3 Bb4 6. Qc2 Qa5 7. Bd2 Nbd7 8. Bd3
O-O 9. O-O Qc7 10. cxd5 exd5 11. Bxh7+ Kh8 12. Bd3 Bd6 13. Rac1 a6 14. e4 dxe4
15. Nxe4 Nxe4 16. Bxe4 Nf6 17. Bf5 Nd5 18. Qe4 Bf4 19. Rfd1 g6 20. Bxc8 Raxc8
21. Ne5 Bxd2 22. Rxd2 Qa5 23. Rd3 Kg7 24. a3 Rce8 25. Qg4 Re6 26. h4 Rh8 27. g3
Rh5 28. Qd1 Qb6 29. Qd2 Qd8 30. Kg2 Ne7 31. Nf3 Rd6 32. g4 Rhd5 33. b4 Qd7 34.
Kg3 Ng8 35. Re1 Nf6 36. Qf4 Rf5 37. Ne5 Rxf4 38. Nxd7 Rxg4+ 0-1

[Event "89154 VIII. Rakosmente Open"]
[Site "Budapest, Hungary"]
[Date "2013.12.01"]
[Round "5.2"]
[White "Terbe, Julianna"]
[Black "Bodrogi, Laszlo"]
[Result "0-1"]
[WhiteElo "1995"]
[BlackElo "2014"]
[PlyCount "62"]

1. e4 e6 2. d4 d5 3. Nd2 c5 4. dxc5 Bxc5 5. Nb3 Bd6 6. exd5 exd5 7. Nf3 Ne7 8.
Be2 O-O 9. O-O Nbc6 10. Nbd4 Bg4 11. Be3 Re8 12. c3 Ng6 13. Qb3 Nxd4 14. Nxd4
Rxe3 15. fxe3 Qh4 16. h3 Bxh3 17. Nf3 Qg3 18. Rf2 Nh4 19. Bf1 Bxg2 20. Bxg2
Nxg2 21. Rxg2 Qxf3 22. Re1 Bc5 23. Qxb7 Bxe3+ 24. Kh1 Rf8 25. Qe7 d4 26. Qe5
Qh3+ 27. Rh2 Qg4 28. cxd4 Bxd4 29. Qd5 g6 30. Rf1 Kg7 31. Rg2 Qh3+ 0-1

[Event "89154 VIII. Rakosmente Open"]
[Site "Budapest, Hungary"]
[Date "2013.12.01"]
[Round "5.3"]
[White "Szoukup, Helga"]
[Black "Terbe, Zsuzsanna"]
[Result "0-1"]
[WhiteElo "1864"]
[BlackElo "1985"]
[PlyCount "80"]

1. g3 Nf6 2. Nf3 g6 3. Bg2 Bg7 4. d4 O-O 5. O-O d6 6. c4 Nc6 7. Nc3 a6 8. Re1
Rb8 9. d5 Na5 10. Qd3 c5 11. dxc6 Nxc6 12. e4 Nd7 13. Be3 Nde5 14. Nxe5 Nxe5
15. Qe2 Bd7 16. Nd5 b5 17. c5 Nc4 18. cxd6 Nxd6 19. Ba7 Rb7 20. Bc5 Nc8 21. e5
Rb8 22. Rad1 Kh8 23. Qd2 Be6 24. Nxe7 Nxe7 25. Qxd8 Rfxd8 26. Rxd8+ Rxd8 27.
Bxe7 Rd2 28. Ba3 a5 29. Bd6 Rxb2 30. a3 b4 31. Rd1 h5 32. axb4 axb4 33. Be4 b3
34. f4 Kg8 35. Rb1 Rd2 36. Ba3 Bf8 37. Bc1 Bc5+ 38. Kh1 Re2 39. Bf3 Re1+ 40.
Kg2 Rg1# 0-1

[Event "89154 VIII. Rakosmente Open"]
[Site "Budapest, Hungary"]
[Date "2013.12.01"]
[Round "5.4"]
[White "Marta, Dominik"]
[Black "Cserveni, Laszlo"]
[Result "1-0"]
[WhiteElo "1938"]
[BlackElo "1623"]
[PlyCount "105"]

1. d4 d5 2. Nf3 Nf6 3. e3 e6 4. Bd3 c5 5. b3 Nc6 6. a3 Bd7 7. Bb2 a6 8. c4 Rc8
9. Nbd2 Ne7 10. O-O Ng6 11. Rc1 cxd4 12. Bxg6 hxg6 13. exd4 Bd6 14. Ne5 Bc6 15.
f4 Nh5 16. Qe2 O-O 17. Qe3 Be8 18. Ndf3 Nf6 19. Ng5 dxc4 20. bxc4 Nh7 21. Nxh7
Kxh7 22. Kh1 Kg8 23. d5 exd5 24. cxd5 f6 25. Ng4 Bf7 26. f5 g5 27. Rxc8 Qxc8
28. Nxf6+ gxf6 29. Bxf6 Bf4 30. Qh3 Bh5 31. Bxg5 Qc4 32. Re1 Bxg5 33. Qxh5 Qh4
34. Qg6+ Kh8 35. Rb1 Qh6 36. Qxh6+ Bxh6 37. g4 Rf7 38. h4 Bf4 39. Kg2 Bd6 40.
Rb6 Bxa3 41. f6 Bc5 42. Re6 Kh7 43. h5 Kh6 44. d6 Bb6 45. Kg3 Kg5 46. Re8 Kxf6
47. h6 Kg6 48. Re6+ Kh7 49. g5 Kg8 50. g6 Rf8 51. d7 Bc7+ 52. Kg4 a5 53. Re8
1-0

[Event "89154 VIII. Rakosmente Open"]
[Site "Budapest, Hungary"]
[Date "2013.12.01"]
[Round "5.5"]
[White "Yip, Michael"]
[Black "Toth-Katona, Tamas"]
[Result "1-0"]
[WhiteElo "2001"]
[BlackElo "1895"]
[PlyCount "97"]

1. d4 Nf6 2. c4 e6 3. Nc3 Bb4 4. e3 d5 5. Qa4+ Nc6 6. a3 Bxc3+ 7. bxc3 Bd7 8.
Qc2 Ne7 9. Nf3 Rc8 10. Bd3 dxc4 11. Bxc4 b5 12. Bd3 c5 13. Qe2 c4 14. Bc2 Qa5
15. Bb2 Ned5 16. O-O Nb6 17. Rac1 O-O 18. e4 Na4 19. Ba1 Nb6 20. Rfe1 Qxa3 21.
e5 Nfd5 22. Bb2 Qe7 23. Ra1 b4 24. cxb4 c3 25. Bc1 Nxb4 26. Bxh7+ Kh8 27. Be4
f5 28. exf6 Rxf6 29. Ne5 Be8 30. Bg5 N6d5 31. Qg4 g6 32. Bxf6+ Qxf6 33. Rxa7 c2
34. Qh3+ Kg8 35. Qh7+ Kf8 36. Qh6+ Kg8 37. Bxg6 Bxg6 38. Nxg6 Nc7 39. Qd2 Ncd5
40. Ne5 Qf4 41. Qc1 Rc3 42. g3 Qxc1 43. Rxc1 Rb3 44. Raa1 Nc3 45. Kf1 Rb2 46.
Ke1 Nca2 47. Kd2 Nxc1 48. Rxc1 Kg7 49. Nd3 1-0

[Event "89154 VIII. Rakosmente Open"]
[Site "Budapest, Hungary"]
[Date "2013.12.01"]
[Round "5.6"]
[White "Szonyi, Bence"]
[Black "Mezei, Csaba"]
[Result "0-1"]
[WhiteElo "1660"]
[BlackElo "2135"]
[PlyCount "102"]

1. e4 c5 2. c3 Nf6 3. e5 Nd5 4. d4 cxd4 5. Nf3 e6 6. cxd4 Nc6 7. Bc4 Nb6 8. Bb3
Na5 9. O-O Nxb3 10. Qxb3 d5 11. exd6 Qxd6 12. Nc3 Bd7 13. Bg5 Bc6 14. Nb5 Qb8
15. Ne5 Bd6 16. Nxd6+ Qxd6 17. Nxc6 Qxc6 18. Rac1 Qd7 19. Be3 O-O 20. Rc5 Nd5
21. Qb5 Qxb5 22. Rxb5 b6 23. Rb3 Rfc8 24. g3 Rc2 25. Re1 h6 26. Kf1 Rac8 27.
Re2 Kf8 28. Rxc2 Rxc2 29. h3 Ke7 30. Ke1 g5 31. Kd1 Nxe3+ 32. fxe3 Rh2 33. h4
gxh4 34. gxh4 Rxh4 35. Ra3 Rh2 36. Rxa7+ Kf6 37. b4 h5 38. a4 h4 39. Ra8 Kg7
40. a5 Rb2 41. axb6 h3 42. Ra5 h2 43. Rh5 h1=Q+ 44. Rxh1 Rb1+ 45. Kc2 Rxh1 46.
Kc3 Rc1+ 47. Kb3 Rc6 48. b5 Rxb6 49. Kc4 Kf6 50. Kc5 Rb8 51. Kc6 Kf5 0-1

[Event "89154 VIII. Rakosmente Open"]
[Site "Budapest, Hungary"]
[Date "2013.12.01"]
[Round "5.7"]
[White "Suranyi, Pal"]
[Black "Karacsonyi, Kata"]
[Result "1-0"]
[WhiteElo "2118"]
[BlackElo "1300"]
[PlyCount "41"]

1. d4 Nf6 2. Nf3 d5 3. c4 e6 4. g3 Be7 5. Bg2 O-O 6. b3 Nbd7 7. O-O c6 8. Qc2
b6 9. Bb2 Bb7 10. Nbd2 c5 11. cxd5 Nxd5 12. Rac1 Rc8 13. Qb1 N7f6 14. e4 Nc7
15. e5 Nfd5 16. dxc5 Bxc5 17. Rc4 Ne7 18. b4 Ba6 19. bxc5 Bxc4 20. Nxc4 Qd5 21.
Ng5 1-0

[Event "89154 VIII. Rakosmente Open"]
[Site "Budapest, Hungary"]
[Date "2013.12.01"]
[Round "5.8"]
[White "Czimer, Jozsef"]
[Black "Bolyai, Istvan"]
[Result "1/2-1/2"]
[WhiteElo "1720"]
[BlackElo "1977"]
[PlyCount "103"]

1. e4 e5 2. Nf3 Nc6 3. Bb5 a6 4. Bxc6 dxc6 5. O-O Bd6 6. d4 Bg4 7. dxe5 Bxf3 8.
gxf3 Bxe5 9. Qxd8+ Rxd8 10. f4 Bf6 11. e5 Bh4 12. Nc3 Ne7 13. Be3 Nf5 14. Rad1
O-O 15. Rxd8 Rxd8 16. Rd1 Rc8 17. Ne4 b6 18. Rd7 Kf8 19. Ng5 Bxg5 20. fxg5 Nxe3
21. fxe3 Re8 22. Rxc7 Rxe5 23. Rxc6 Rxg5+ 24. Kf2 Rb5 25. b3 Ke7 26. Rc7+ Ke6
27. c4 Rc5 28. Ra7 a5 29. Rb7 Rc6 30. Kf3 h5 31. Kf4 g6 32. h4 Kf6 33. e4 Re6
34. Rd7 Rc6 35. Rd5 Ke6 36. e5 f6 37. exf6 Kxf6 38. Rb5 a4 39. Rb4 axb3 40.
axb3 Ke6 41. Rb5 Kf6 42. Rd5 Kf7 43. Rd7+ Ke6 44. Rg7 Kf6 45. Rd7 b5 46. Rd4
bxc4 47. Rxc4 Rb6 48. b4 Rb5 49. Rc6+ Kf7 50. Rc4 Rf5+ 51. Kg3 Rb5 52. Kf4
1/2-1/2